00925nam a2200229 a 450000100100000000500170001000800410002702000150006804000250008308200160010810000290012424501170015326000380027030000280030850000350033650000410037153401030041270000340051504900090054995201200055899900170067800002450120200930023216.0110128s1992 mx a r 001 0 spa d a9681843681 aDO-SdBNPbspacBNPHU axxxxbM195l1 aMagleby, David B.95021010aLegislación directiva :bgrupos de presión y efectividad /cDavid B. Magleby ; traducción Juan Naves Ruiz. aMéxico, D. F. :bLimusa,c1992. a307 p. :bil. ;c23 cm. aIncluye índice alfabético. aIncluye bibliografía p. [275-297]. pTítulo original.tDirect LegislationcThe johns Hopkins University Press, MCMLXXXIV.z08018284491 aNaves Ruiz, Juan,etr.946839 aBNGR 001054708MOaGRbGRcCTd2011-01-28iLF1l0oxxxx M195lp24501-10r2020-06-25w2020-06-25y4ZPréstamo en sala c23994d23994